|
|
|
|
| LEADER |
00000nab a2200000 ar4500 |
| 001 |
vtls010479075 |
| 003 |
SK-MaSNL |
| 005 |
20260426091752.0 |
| 008 |
250708c2012 xo ||||||||||||00 b|slo |
| 015 |
|
|
|a SNBRB2012/12
|2 snkbucl
|
| 035 |
|
|
|a (uuid)4c7d1717-fc77-4866-a834-fc6cc7097815
|
| 035 |
|
|
|a urn:nbn:sk:snk-abevjx
|
| 035 |
|
|
|a (urnnbn)urn:nbn:sk:snk:ar-00333e
|
| 038 |
|
|
|a SNKBUCL
|
| 040 |
|
|
|a SNKBUCL
|b slo
|c SNKBUCL
|e AACR2
|
| 041 |
0 |
|
|a slo
|
| 044 |
|
|
|a xo
|c SK
|
| 080 |
|
|
|a 341.234
|x (437.6)
|2 2001
|
| 080 |
|
|
|a 342.2
|x (437.6)
|2 2001
|
| 080 |
|
|
|a 316.356.4
|x (437.6)
|2 2001
|
| 080 |
|
|
|a 323.15
|x (437.6)
|2 2001
|
| 100 |
1 |
|
|a Chovanec, Jaroslav,
|d 1935-
|4 aut
|9 85200
|
| 245 |
1 |
0 |
|a Národnostné menšiny a etnické skupiny vo svetle práva v Slovenskej republike
|c Jaroslav Chovanec
|
| 300 |
|
|
|b Fotogr., tab.
|
| 500 |
|
|
|a Začiatok
|
| 504 |
|
|
|a Bibliogr. odkazy
|
| 630 |
0 |
7 |
|a Ústava Slovenskej republiky
|p Práva národnostných menšín a etnických skupín
|2 snkbucl
|9 1327942
|
| 650 |
0 |
7 |
|a národnostné menšiny
|2 snkbucl
|9 2669
|
| 650 |
0 |
7 |
|a etnické skupiny
|2 snkbucl
|9 1669
|
| 650 |
0 |
7 |
|a práva národnostných menšín
|2 snkbucl
|9 635355
|
| 650 |
0 |
7 |
|a práva etnických skupín
|2 snkbucl
|9 1327943
|
| 650 |
0 |
7 |
|a národnostná politika
|2 snkbucl
|9 4656
|
| 651 |
|
7 |
|a Slovensko
|2 snkbucl
|9 14231
|
| 655 |
|
7 |
|a štúdie
|2 snkbucl
|9 57033
|
| 740 |
0 |
2 |
|a Práva národnostných menšín a etnických skupín
|
| 773 |
0 |
|
|t Slovenské pohľady
|g Roč. IV.+128., č. 10 (2012), s. 92-108
|x 1335-7786
|
| 850 |
|
|
|a Slovenská národná knižnica
|
| 852 |
|
|
|a Slovenská národná knižnica
|
| 958 |
|
|
|a article27
|
| 958 |
|
|
|a SK
|
| 958 |
|
|
|a NB
|
| 958 |
|
|
|a OND
|
| 958 |
|
|
|a EUIPO
|
| 999 |
|
|
|c 3035284
|d 3037214
|